[Event "Stuttgarter Stadtmeisterschaft A-Turnie"]
[Site "Ditzingen"]
[Date "2009.05.21"]
[Round "1.1"]
[White "Svetushkin, Dmitry"]
[Black "Bissbort, Julian"]
[Result "1-0"]
[WhiteElo "2615"]
[BlackElo "2053"]
[PlyCount "51"]
[EventDate "2009.??.??"]

1. e4 c5 2. Nf3 Nc6 3. Bb5 g6 4. Bxc6 bxc6 5. O-O Bg7 6. Re1 Nf6 7. c3 O-O 8.
d4 cxd4 9. cxd4 d5 10. e5 Ne4 11. Nc3 c5 12. dxc5 Nxc3 13. bxc3 Qc7 14. Be3 Rb8
15. Qa4 Bd7 16. Qh4 Bf5 17. Bd4 Qd7 18. h3 Rb2 19. c6 Qxc6 20. Qxe7 Qa4 21. e6
Qc2 22. exf7+ Rxf7 23. Qd8+ Rf8 24. Qxd5+ Kh8 25. Re7 Rb1+ 26. Kh2 1-0

[Event "Stuttgarter Stadtmeisterschaft A-Turnie"]
[Site "Ditzingen"]
[Date "2009.05.21"]
[Round "1.2"]
[White "Keller, Harald"]
[Black "Ovsejevitsch, Sergei"]
[Result "0-1"]
[WhiteElo "2053"]
[BlackElo "2580"]
[PlyCount "66"]
[EventDate "2009.??.??"]

1. e4 c5 2. Nc3 Nc6 3. g3 g6 4. Bg2 Bg7 5. d3 d6 6. f4 f5 7. Nf3 Nf6 8. O-O O-O
9. h3 Bd7 10. Kh2 Kh8 11. Be3 Rb8 12. Qd2 Qa5 13. Qf2 Rbe8 14. Nd2 Qc7 15. Rab1
Be6 16. a3 b6 17. Rfe1 Bg8 18. Nf3 fxe4 19. dxe4 e5 20. Qd2 Nd4 21. Ng1 exf4
22. Bxf4 Nh5 23. Nge2 Bc4 24. Rf1 Nxf4 25. Rxf4 Be5 26. Rxf8+ Rxf8 27. Nf4 Qf7
28. Nd3 Bxd3 29. Qxd3 Qf2 30. Kh1 Nf3 31. Ne2 Ne1 32. Rxe1 Qxe1+ 33. Kh2 Rf2
0-1

[Event "Stuttgarter Stadtmeisterschaft A-Turnie"]
[Site "Ditzingen"]
[Date "2009.05.21"]
[Round "1.3"]
[White "Luther, Thomas"]
[Black "Pogan, Nikolas"]
[Result "1-0"]
[WhiteElo "2537"]
[BlackElo "2050"]
[PlyCount "99"]
[EventDate "2009.??.??"]

1. e4 c6 2. d4 d5 3. Nd2 dxe4 4. Nxe4 Nd7 5. Bc4 Ngf6 6. Ng5 e6 7. Qe2 Nb6 8.
Bd3 c5 9. dxc5 Bxc5 10. Bd2 Qc7 11. O-O-O Bd7 12. N1f3 h6 13. Ne4 Nxe4 14. Qxe4
Bc6 15. Qe2 O-O-O 16. Kb1 Nd5 17. Ne5 Ba4 18. Qe4 Bc6 19. Nxc6 Qxc6 20. f4 Nb4
21. Qxc6+ Nxc6 22. Bc1 Kc7 23. c3 h5 24. Kc2 g6 25. a3 Ne7 26. Be4 Nf5 27. Rd3
Rxd3 28. Kxd3 Nd6 29. Bf3 Rd8 30. Ke2 Nc4 31. h3 h4 32. b3 Nd6 33. Rd1 b5 34.
Rd2 a5 35. Rd3 Rd7 36. Kd1 Nf5 37. Kc2 Rd6 38. Rxd6 Kxd6 39. Kd3 Ne7 40. b4 Bb6
41. bxa5 Bxa5 42. c4 bxc4+ 43. Kxc4 Bb6 44. a4 Nd5 45. Ba3+ Kc6 46. Be7 Bf2 47.
Be4 f5 48. Bf3 Be3 49. Bxh4 Bc5 50. Bf6 1-0

[Event "Stuttgarter Stadtmeisterschaft A-Turnie"]
[Site "Ditzingen"]
[Date "2009.05.21"]
[Round "1.4"]
[White "Probst, Alexander"]
[Black "Gutman, Lev"]
[Result "0-1"]
[WhiteElo "2048"]
[BlackElo "2494"]
[PlyCount "116"]
[EventDate "2009.??.??"]

1. e4 c5 2. Nf3 Nc6 3. Bb5 Qc7 4. O-O Nf6 5. Re1 Nd4 6. Nxd4 cxd4 7. e5 Nd5 8.
c3 dxc3 9. Nxc3 Nxc3 10. dxc3 e6 11. Qg4 b6 12. Bf4 h5 13. Qe2 Be7 14. Qd2 Bb7
15. Bg5 Qd8 16. Bxe7 Qxe7 17. Rad1 O-O-O 18. Qd6 Rhe8 19. Rd4 Qxd6 20. Rxd6 f6
21. Red1 Re7 22. f4 fxe5 23. fxe5 Rf7 24. h3 g5 25. Be2 Rf5 26. Bxh5 Rxe5 27.
c4 Kc7 28. Bg4 Bc6 29. R6d2 Rf8 30. Rf2 Rxf2 31. Kxf2 b5 32. cxb5 Rxb5 33. b3
Rc5 34. Rd2 a5 35. g3 Be4 36. h4 gxh4 37. gxh4 Bg6 38. Ke3 Kd8 39. Kd4 Rd5+ 40.
Kc3 Re5 41. Rd4 Ke7 42. b4 Re3+ 43. Kc4 d5+ 44. Kb5 axb4 45. Rxb4 Ra3 46. Rb2
Be8+ 47. Kc5 Ra5+ 48. Kb6 Ra4 49. Rg2 Kd6 50. h5 Rb4+ 51. Ka5 Rb5+ 52. Ka6 Bc6
53. h6 Rb8 54. Ka5 d4 55. Re2 Bd5 56. h7 Rh8 57. Kb4 Rxh7 58. a4 d3 0-1

[Event "Stuttgarter Stadtmeisterschaft A-Turnie"]
[Site "Ditzingen"]
[Date "2009.05.21"]
[Round "1.5"]
[White "Strohhäker, Raoul"]
[Black "Zeh, Rolf"]
[Result "1-0"]
[WhiteElo "2449"]
[BlackElo "2048"]
[PlyCount "37"]
[EventDate "2009.??.??"]

1. e4 c5 2. Nf3 e6 3. d4 cxd4 4. Nxd4 Nf6 5. Nc3 d6 6. g3 Be7 7. Bg2 O-O 8. O-O
a6 9. f4 Qc7 10. g4 e5 11. Nf5 Be6 12. g5 Ne8 13. Nxe7+ Qxe7 14. f5 Bc4 15. Rf3
f6 16. g6 hxg6 17. fxg6 Be6 18. Rh3 Bxh3 19. Qh5 1-0

[Event "Stuttgarter Stadtmeisterschaft A-Turnie"]
[Site "Ditzingen"]
[Date "2009.05.21"]
[Round "1.6"]
[White "Junginger, Andreas"]
[Black "Gschnitzer, Oswald"]
[Result "0-1"]
[WhiteElo "2044"]
[BlackElo "2429"]
[PlyCount "110"]
[EventDate "2009.??.??"]

1. e4 c5 2. c3 Nf6 3. e5 Nd5 4. d4 cxd4 5. cxd4 d6 6. Nf3 e6 7. Bb5+ Bd7 8.
Bxd7+ Nxd7 9. O-O Be7 10. Nbd2 O-O 11. Re1 Rc8 12. a3 Qc7 13. Nf1 Qc2 14. Ne3
Qxd1 15. Rxd1 N7b6 16. Bd2 Nxe3 17. Bxe3 Rc2 18. Rac1 Rxb2 19. Rc7 Nd5 20. Rd7
dxe5 21. Nxe5 Rc8 22. Nd3 Rb3 23. Nc5 Bxc5 24. dxc5 Kf8 25. Bd4 Ke8 26. Rd6 Ke7
27. Re1 Nf6 28. Bxf6+ gxf6 29. Red1 Rxc5 30. Rd7+ Kf8 31. Rd8+ Kg7 32. h4 Rc7
33. Ra8 Rxa3 34. Rdd8 b5 35. g4 Rb7 36. Rh8 Kh6 37. Kg2 Rd7 38. Rag8 Rd5 39.
Rf8 Rd7 40. Rfg8 Rd5 41. Rf8 Rd4 42. f3 Rd2+ 43. Kg3 Rdd3 44. Rxf7 Rxf3+ 45.
Kg2 Rg3+ 46. Kf2 Rxg4 47. Rhxh7+ Kg6 48. h5+ Kf5 49. Rh6 Rf4+ 50. Kg2 Kg4 51.
Rhh7 Rc4 52. Rfg7+ Kf5 53. Rxa7 Rxa7 54. Rxa7 Kg5 55. Rb7 b4 0-1

[Event "Stuttgarter Stadtmeisterschaft A-Turnie"]
[Site "Ditzingen"]
[Date "2009.05.21"]
[Round "1.7"]
[White "Eisenbeiser, Amadeus"]
[Black "Schuster, Gerhard"]
[Result "1-0"]
[WhiteElo "2406"]
[BlackElo "2038"]
[PlyCount "92"]
[EventDate "2009.??.??"]

1. e4 c6 2. d4 d5 3. Nc3 dxe4 4. Nxe4 Nd7 5. Bc4 Ngf6 6. Ng5 e6 7. N1f3 h6 8.
Nh3 Nb6 9. Bb3 c5 10. c3 cxd4 11. Nxd4 Bc5 12. Be3 Qe7 13. Qf3 Nfd5 14. O-O-O
Bd7 15. Rhe1 Nxe3 16. Rxe3 O-O-O 17. Qg3 Bc6 18. Qxg7 Rhg8 19. Qxh6 Rxg2 20.
Nf4 Qg5 21. Qxg5 Rxg5 22. h4 Rg7 23. Bxe6+ fxe6 24. Nfxe6 Bxd4 25. cxd4 Rg2 26.
Nxd8 Kxd8 27. d5 Nxd5 28. Re5 Rxf2 29. Rdxd5+ Bxd5 30. Rxd5+ Kc7 31. Rd2 Rf8
32. Rd1 Rf5 33. Rh1 Rh5 34. Kd2 Kd6 35. Ke3 Ke5 36. Kf3 Kf5 37. Kg3 Rh7 38.
Rf1+ Kg6 39. Rf4 Rc7 40. Ra4 a6 41. Rb4 b5 42. Rf4 Rc2 43. Rf2 Rc4 44. Rh2 Kh5
45. Kf3 b4 46. b3 Rc3+ {Rest unleserlich/unvollstaendig, 1:0 nach 80 Zuegen}
1-0

[Event "Stuttgarter Stadtmeisterschaft A-Turnie"]
[Site "Ditzingen"]
[Date "2009.05.21"]
[Round "1.8"]
[White "Gogollok, Carsten"]
[Black "Reich, Thomas"]
[Result "0-1"]
[WhiteElo "2043"]
[BlackElo "2393"]
[PlyCount "74"]
[EventDate "2009.??.??"]

1. d4 Nf6 2. c4 g6 3. Nc3 Bg7 4. e4 O-O 5. f4 d6 6. Nf3 c5 7. d5 e6 8. dxe6
Bxe6 9. Bd3 Bg4 10. h3 Bxf3 11. Qxf3 Nc6 12. O-O Nd4 13. Qf2 a6 14. Be3 b5 15.
Kh1 Re8 16. cxb5 axb5 17. f5 b4 18. Bxd4 cxd4 19. Nd5 Nxd5 20. exd5 Re3 21.
fxg6 fxg6 22. Qf7+ Kh8 23. Bxg6 hxg6 24. Qxg6 Qh4 25. Rf5 Re5 26. Raf1 Rae8 27.
R1f4 Qe1+ 28. Rf1 Rxf5 29. Qxf5 Qe5 30. Qg6 Qe2 31. Rf5 Qe1+ 32. Kh2 Be5+ 33.
g3 Bxg3+ 34. Kg2 Re2+ 35. Kf3 Rf2+ 36. Kg4 Qe4+ 37. Kxg3 Rg2# 0-1

[Event "Stuttgarter Stadtmeisterschaft A-Turnie"]
[Site "Ditzingen"]
[Date "2009.05.21"]
[Round "1.9"]
[White "Lubbe, Nikolas"]
[Black "Gheng, Simona"]
[Result "1-0"]
[WhiteElo "2369"]
[BlackElo "2035"]
[PlyCount "77"]
[EventDate "2009.??.??"]

1. e4 c5 2. d3 g6 3. g3 d5 4. e5 Bg7 5. f4 e6 6. Bg2 Ne7 7. c3 O-O 8. Nf3 Nbc6
9. O-O b5 10. Be3 d4 11. cxd4 Nf5 12. Bf2 cxd4 13. Qd2 Qb6 14. Na3 Bb7 15. Nc2
Rfd8 16. Rac1 h5 17. h3 Bf8 18. Qe2 Bc5 19. g4 hxg4 20. hxg4 Ne3 21. Nxe3 dxe3
22. Bh4 Rd7 23. Bf6 Rxd3 24. Qxd3 e2+ 25. Kh2 exf1=Q 26. Rxf1 Nb4 27. Qc3 Nd5
28. Qe1 Nxf6 29. exf6 Be3 30. Ng5 Qd4 31. Bxb7 Bxf4+ 32. Kh1 Rb8 33. Nxe6 fxe6
34. Qxe6+ Kh8 35. f7 Qd6 36. Qe8+ Kg7 37. Be4 g5 38. f8=Q+ Qxf8 39. Qg6+ 1-0

[Event "Stuttgarter Stadtmeisterschaft A-Turnie"]
[Site "Ditzingen"]
[Date "2009.05.21"]
[Round "1.10"]
[White "Guballa, Jens"]
[Black "Reinhardt, Bernd"]
[Result "0-1"]
[WhiteElo "2033"]
[BlackElo "2344"]
[PlyCount "118"]
[EventDate "2009.??.??"]

1. d4 d6 2. Nf3 Nf6 3. c4 Nbd7 4. Bf4 g6 5. g3 Bg7 6. Nc3 O-O 7. Bg2 c6 8. Qd2
Qe8 9. Bh6 e5 10. Bxg7 Kxg7 11. O-O Qe7 12. Rad1 Re8 13. b4 e4 14. Ne1 Nb6 15.
c5 Nc4 16. Qc1 e3 17. Nc2 Ng4 18. cxd6 Qxd6 19. Ne4 Qe7 20. f3 Bf5 21. fxg4
Bxe4 22. Nxe3 Nxe3 23. Qxe3 Bxg2 24. Qxe7 Rxe7 25. Kxg2 Rxe2+ 26. Rf2 Rxf2+ 27.
Kxf2 Kf6 28. Kf3 a5 29. d5 axb4 30. dxc6 bxc6 31. Rd6+ Ke5 32. Rxc6 Ra3+ 33.
Kf2 Rxa2+ 34. Ke3 Rxh2 35. Rb6 Rb2 36. Rb7 Rb3+ 37. Kf2 Kf6 38. g5+ Kxg5 39.
Rxf7 h5 40. Rf4 Rb2+ 41. Kf3 Rb1 42. Rc4 b3 43. Rb4 Kf5 44. Kg2 Ke5 45. Rb6
Rb2+ 46. Kf3 g5 47. Rb5+ Kf6 48. Rb6+ Ke7 49. Rb5 g4+ 50. Kf4 Rf2+ 51. Kg5 Rf3
52. Kxh5 Rxg3 53. Kh4 Rc3 54. Kxg4 Kd6 55. Kf4 Kc6 56. Rb8 Kd5 57. Rb7 Kd4 58.
Rd7+ Kc4 59. Ke4 b2 0-1

[Event "Stuttgarter Stadtmeisterschaft A-Turnie"]
[Site "Ditzingen"]
[Date "2009.05.21"]
[Round "1.11"]
[White "Strunski, Andreas"]
[Black "Arounopoulos, Stephan"]
[Result "1-0"]
[WhiteElo "2329"]
[BlackElo "1998"]
[PlyCount "77"]
[EventDate "2009.??.??"]

1. d4 Nf6 2. c4 g6 3. Nc3 Bg7 4. e4 d6 5. Be2 O-O 6. Bg5 c5 7. d5 b5 8. cxb5 a6
9. a4 Qa5 10. Bd2 axb5 11. Bxb5 Na6 12. Nge2 Nb4 13. O-O Ba6 14. Ra3 Rfb8 15.
Bg5 Qd8 16. f3 Ne8 17. Qb3 Nc7 18. Rfa1 Ra7 19. Bxa6 Rxa6 20. Qd1 Rab6 21. Rc1
Nca6 22. Qd2 c4 23. Nb5 Nd3 24. Rxc4 Nxb2 25. Rc2 Nxa4 26. Rxa4 Nc5 27. Rxc5
dxc5 28. Nbc3 Rb2 29. Qd1 Qb6 30. Be3 Qd6 31. Rc4 Qa6 32. Rxc5 Qa3 33. Bf2 Bh6
34. f4 R8b3 35. Bd4 f6 36. d6 exd6 37. Rc8+ Bf8 38. Bxf6 Qa6 39. Qd5# 1-0

[Event "Stuttgarter Stadtmeisterschaft A-Turnie"]
[Site "Ditzingen"]
[Date "2009.05.21"]
[Round "1.12"]
[White "Steinhart, Christoph"]
[Black "Holzhäuer, Mathias"]
[Result "1-0"]
[WhiteElo "2013"]
[BlackElo "2335"]
[PlyCount "71"]
[EventDate "2009.??.??"]

1. e4 d5 2. exd5 Qxd5 3. Nc3 Qd6 4. d4 Nf6 5. Nge2 Bg4 6. f3 Bf5 7. Ng3 Bg6 8.
Nge4 Qb6 9. Bc4 Nbd7 10. O-O O-O-O 11. Be3 e5 12. Qd2 Nxe4 13. fxe4 exd4 14.
Nd5 Qc6 15. Qxd4 Nc5 16. Rad1 Re8 17. b4 Nd7 18. Qxa7 Qxc4 19. Qa8+ Nb8 20. Ba7
Bd6 21. Qxb8+ Kd7 22. Nb6+ Kc6 23. Qxe8+ Rxe8 24. Nxc4 Bxb4 25. Bd4 f6 26. c3
Bf8 27. e5 Kb5 28. Nb2 fxe5 29. Bxe5 Rxe5 30. Rxf8 Re2 31. Rf2 Re3 32. a4+ Kc5
33. Rc1 b6 34. Rd2 Re7 35. Kf1 Re3 36. Re2 1-0

[Event "Stuttgarter Stadtmeisterschaft A-Turnie"]
[Site "Ditzingen"]
[Date "2009.05.21"]
[Round "1.13"]
[White "Vuckovic, Aleksandar"]
[Black "Janata, Andreas"]
[Result "1/2-1/2"]
[WhiteElo "2326"]
[BlackElo "2010"]
[PlyCount "152"]
[EventDate "2009.??.??"]

1. e4 e6 2. d4 d5 3. Nd2 a6 4. Ngf3 c5 5. exd5 exd5 6. dxc5 Bxc5 7. Nb3 Be7 8.
Bd3 Bg4 9. h3 Bh5 10. Be3 Nc6 11. g4 Bg6 12. Bxg6 hxg6 13. Qd2 Nf6 14. O-O-O
Ne4 15. Qxd5 Qxd5 16. Rxd5 Nf6 17. Rdd1 Rd8 18. Rde1 Nd5 19. Bc5 b6 20. Nbd4
Nxd4 21. Bxd4 Kf8 22. Kb1 Bf6 23. Rd1 b5 24. Bc5+ Be7 25. Bxe7+ Kxe7 26. Rhe1+
Kf6 27. Rd4 g5 28. Red1 Rxh3 29. Nd2 Ke5 30. Nb3 Rf3 31. R4d2 Rf6 32. Nc5 Rfd6
33. Kc1 Rc6 34. Re1+ Kf6 35. Ne4+ Kg6 36. Red1 f5 37. gxf5+ Kxf5 38. Ng3+ Ke5
39. Re1+ Kd6 40. Ne4+ Kc7 41. Nxg5 Rdd6 42. Ne4 Rd7 43. Rg1 g6 44. a3 Nf6 45.
Nc3 Rxd2 46. Kxd2 Rd6+ 47. Ke3 Nd7 48. Rg5 Kc6 49. Ne4 Re6 50. Kd4 Nf6 51. f3
Nxe4 52. fxe4 Kd6 53. e5+ Ke7 54. Kd5 Kf7 55. Rg2 Re8 56. Rf2+ Ke7 57. Rf6 Rd8+
58. Ke4 Rd2 59. Rxg6 Rxc2 60. b4 a5 61. bxa5 Rc4+ 62. Kd5 Ra4 63. Rg7+ Kf8 64.
Ra7 Rxa3 65. e6 b4 66. a6 b3 67. Rb7 Rxa6 68. Rxb3 Ra1 69. Rb8+ Ke7 70. Rb7+
Ke8 71. Rb4 Ke7 72. Rb7+ Ke8 73. Rh7 Rd1+ 74. Ke5 Re1+ 75. Kd5 Rd1+ 76. Kc6
Rc1+ 1/2-1/2

[Event "Stuttgarter Stadtmeisterschaft A-Turnie"]
[Site "Ditzingen"]
[Date "2009.05.21"]
[Round "1.14"]
[White "Siegle, Florian"]
[Black "Chetverik, Maxim"]
[Result "0-1"]
[WhiteElo "2013"]
[BlackElo "2323"]
[PlyCount "78"]
[EventDate "2009.??.??"]

1. d4 d5 2. c4 e5 3. dxe5 d4 4. Nf3 Nc6 5. g3 Be6 6. Nbd2 Qd7 7. Bg2 Be7 8. h4
Nh6 9. Ng5 Bf5 10. Qa4 Rb8 11. Ndf3 Ng4 12. O-O h6 13. Nh3 Ngxe5 14. Nxe5 Nxe5
15. Qxd7+ Bxd7 16. b3 O-O 17. Bf4 Bf6 18. Rad1 Rfe8 19. Rd2 c5 20. Kh1 Rbd8 21.
Ng1 b6 22. Bb7 g5 23. Bxe5 Rxe5 24. f4 gxf4 25. Rxf4 Bg7 26. Rd3 Re7 27. Bd5
Be5 28. Rf2 Bg4 29. Kg2 Bc7 30. Bf3 Bf5 31. Rd1 Re3 32. Bd5 Rxg3+ 33. Kf1 Bg6
34. Bf3 h5 35. Rh2 Re8 36. Rh1 Kh8 37. Kf2 Bf5 38. b4 Bf4 39. a4 Reg8 0-1

[Event "Stuttgarter Stadtmeisterschaft A-Turnie"]
[Site "Ditzingen"]
[Date "2009.05.21"]
[Round "1.15"]
[White "Weber, Tom"]
[Black "Weißbeck, Simon"]
[Result "1-0"]
[WhiteElo "2315"]
[BlackElo "1959"]
[PlyCount "29"]
[EventDate "2009.??.??"]

1. e4 e6 2. d4 d5 3. Nc3 Nf6 4. Bd3 c5 5. exd5 Nxd5 6. Nf3 Nc6 7. Nxd5 Qxd5 8.
c4 Qh5 9. Be2 cxd4 10. Ng5 Bb4+ 11. Kf1 Qh4 12. g3 Qh6 13. Nxf7 Qh3+ 14. Kg1
Kxf7 15. Bg4 1-0

[Event "Stuttgarter Stadtmeisterschaft A-Turnie"]
[Site "Ditzingen"]
[Date "2009.05.21"]
[Round "1.16"]
[White "Schäfer, Alexander"]
[Black "Schuh, Dirk"]
[Result "0-1"]
[WhiteElo "2007"]
[BlackElo "2313"]
[PlyCount "120"]
[EventDate "2009.??.??"]

1. e4 e6 2. d3 d5 3. Nd2 Nf6 4. Ngf3 Bc5 5. e5 Nfd7 6. d4 Be7 7. Be2 c5 8. c3
Nc6 9. O-O Qb6 10. Qb3 cxd4 11. Qxb6 Nxb6 12. cxd4 Bd7 13. Nb3 Na4 14. Bb5 Nb4
15. Be2 a6 16. a3 Nc6 17. Rb1 Na7 18. Bd2 Bb5 19. Bxb5+ Nxb5 20. Na5 b6 21. Nc6
Rc8 22. Rfc1 Kd7 23. Nxe7 Kxe7 24. Rxc8 Rxc8 25. Rc1 Rxc1+ 26. Bxc1 f6 27.
exf6+ gxf6 28. g4 Nd6 29. g5 fxg5 30. Bxg5+ Kf7 31. Bc1 Kf6 32. Kf1 Kf5 33. h3
Nf7 34. Ke2 Ke4 35. Be3 Kf5 36. Nh4+ Kf6 37. b3 Nc3+ 38. Kd3 Ne4 39. Nf3 Nfg5
40. Ne5 Nxh3 41. f3 Neg5 42. f4 Ne4 43. Ke2 Ng3+ 44. Kf3 Nf5 45. Nd7+ Kg6 46.
Nxb6 Nxe3 47. Kxe3 Kf5 48. b4 Nxf4 49. a4 e5 50. dxe5 h5 51. b5 axb5 52. a5 Ne6
53. Nxd5 Kxe5 54. Nb4 Kd6 55. a6 Kc7 56. Nd5+ Kc6 57. Nf6 h4 58. Kf3 b4 59. Ne4
b3 60. a7 Kb7 0-1

[Event "Stuttgarter Stadtmeisterschaft A-Turnie"]
[Site "Ditzingen"]
[Date "2009.05.21"]
[Round "1.17"]
[White "Raupp, Thomas"]
[Black "Braun, Georg"]
[Result "1/2-1/2"]
[WhiteElo "2311"]
[BlackElo "1990"]
[PlyCount "69"]
[EventDate "2009.??.??"]

1. d4 Nf6 2. c4 c5 3. d5 b5 4. cxb5 a6 5. bxa6 g6 6. Nc3 Bxa6 7. e4 Bxf1 8.
Kxf1 d6 9. g4 Bg7 10. Kg2 O-O 11. g5 Nh5 12. Nge2 e5 13. dxe6 fxe6 14. f4 Nc6
15. Rf1 Ra7 16. Ng3 Nxg3 17. hxg3 Raf7 18. Be3 Nd4 19. Qd3 Qc8 20. b3 e5 21.
Bxd4 cxd4 22. Nd5 exf4 23. Rxf4 Qd8 24. Raf1 Qxg5 25. Rxf7 Rxf7 26. Rxf7 Kxf7
27. Nf4 Qc5 28. Nd5 Qa3 29. Kh3 Be5 30. Qb5 Qxa2 31. Qd7+ Kg8 32. Qe6+ Kg7 33.
Qe7+ Kg8 34. Qe6+ Kg7 35. Qe7+ 1/2-1/2

[Event "Stuttgarter Stadtmeisterschaft A-Turnie"]
[Site "Ditzingen"]
[Date "2009.05.21"]
[Round "1.18"]
[White "Hirschfeld, Dennis"]
[Black "Gheng, Josef"]
[Result "0-1"]
[WhiteElo "1984"]
[BlackElo "2310"]
[PlyCount "72"]
[EventDate "2009.??.??"]

1. d4 Nf6 2. c4 g6 3. Nc3 d5 4. Nf3 Bg7 5. Bg5 Ne4 6. cxd5 Nxg5 7. Nxg5 e6 8.
Nf3 exd5 9. e3 O-O 10. Bd3 c6 11. O-O Nd7 12. b4 Qe7 13. b5 Nc5 14. bxc6 bxc6
15. Rc1 Nxd3 16. Qxd3 Qa3 17. Qc2 Rb8 18. Qa4 Qxa4 19. Nxa4 Rb4 20. Nc5 Rb2 21.
a4 Bf5 22. Ne1 Ra2 23. Ned3 Rb8 24. Ra1 Rc2 25. Rfc1 Rc4 26. Kf1 a5 27. Ke2 Bf8
28. Kd2 Bxc5 29. Nxc5 Rb2+ 30. Ke1 Bc2 31. h4 h5 32. Ra3 Kg7 33. Rca1 Bb1 34.
Nd3 Bxd3 35. Rxd3 Rcc2 36. Rad1 Re2+ 0-1

[Event "Stuttgarter Stadtmeisterschaft A-Turnie"]
[Site "Ditzingen"]
[Date "2009.05.21"]
[Round "1.19"]
[White "Hirneise, Jens"]
[Black "Wenninger, Philipp"]
[Result "1-0"]
[WhiteElo "2308"]
[BlackElo "1984"]
[PlyCount "75"]
[EventDate "2009.??.??"]

1. e4 c6 2. d4 d5 3. e5 Bf5 4. Nd2 e6 5. Nb3 Nd7 6. Nf3 Ne7 7. Be2 c5 8. Nxc5
Nxc5 9. dxc5 Qa5+ 10. c3 Qxc5 11. Qa4+ Nc6 12. Nd4 Qb6 13. Nxf5 exf5 14. O-O
Qc7 15. Bf4 Bc5 16. e6 Bd6 17. exf7+ Kxf7 18. Bxd6 Qxd6 19. Rad1 Ne7 20. Bf3 a6
21. Qb3 Rhd8 22. Rd4 Rac8 23. Rfd1 Qe5 24. Bxd5+ Nxd5 25. Rxd5 Rxd5 26. Qxd5+
Qxd5 27. Rxd5 Ke6 28. Rd4 Rc7 29. h4 Kf6 30. g3 Re7 31. Kg2 g6 32. Kf3 Kf7 33.
Rd6 Kg7 34. Rb6 Kf7 35. Kf4 Kg7 36. f3 Kf7 37. h5 Re6 38. Rxe6 1-0

[Event "Stuttgarter Stadtmeisterschaft A-Turnie"]
[Site "Ditzingen"]
[Date "2009.05.21"]
[Round "1.20"]
[White "Schnepel, Thomas"]
[Black "Wiley, Tom E"]
[Result "1/2-1/2"]
[WhiteElo "1982"]
[BlackElo "2303"]
[PlyCount "47"]
[EventDate "2009.??.??"]

1. e4 c5 2. Nf3 e6 3. d4 cxd4 4. Nxd4 a6 5. Be3 Nf6 6. Bd3 Qc7 7. f4 d6 8. O-O
Nbd7 9. Nd2 b6 10. Kh1 Bb7 11. Qe1 g6 12. f5 e5 13. Ne6 fxe6 14. fxe6 Be7 15.
exd7+ Nxd7 16. Bc4 O-O-O 17. Be6 Kb8 18. Rf7 Rde8 19. b4 Bc8 20. Nc4 b5 21. Na5
Nb6 22. Bd5 Nxd5 23. exd5 Bb7 24. Rd1 1/2-1/2

[Event "Stuttgarter Stadtmeisterschaft A-Turnie"]
[Site "Ditzingen"]
[Date "2009.05.21"]
[Round "1.21"]
[White "Wagner, Florian"]
[Black "Osswald, Michael"]
[Result "1-0"]
[WhiteElo "2302"]
[BlackElo "1972"]
[PlyCount "37"]
[EventDate "2009.??.??"]

1. e4 e5 2. Nc3 Nf6 3. g3 d5 4. exd5 Nxd5 5. Bg2 Nb6 6. Nf3 Nc6 7. O-O Be7 8.
Re1 f6 9. d4 Nxd4 10. Nxd4 Qxd4 11. Qxd4 exd4 12. Nb5 Kf7 13. Nxc7 Rb8 14. Nb5
Bc5 15. Bf4 Ra8 16. Nc7 Rb8 17. Nd5 Ra8 18. b4 Nxd5 19. Bxd5+ 1-0

[Event "Stuttgarter Stadtmeisterschaft A-Turnie"]
[Site "Ditzingen"]
[Date "2009.05.21"]
[Round "1.22"]
[White "Stein, Carsten"]
[Black "Kabisch, Thilo"]
[Result "0-1"]
[WhiteElo "1972"]
[BlackElo "2297"]
[PlyCount "82"]
[EventDate "2009.??.??"]

1. e4 c5 2. c3 d5 3. exd5 Qxd5 4. d4 Nf6 5. Nf3 Nc6 6. Be2 e6 7. O-O Be7 8.
dxc5 Bxc5 9. Qxd5 Nxd5 10. Nbd2 f6 11. Ne4 Be7 12. Rd1 f5 13. Ng3 O-O 14. Bc4
Nb6 15. Bb3 Kh8 16. Bf4 Na5 17. Bc2 Nd5 18. Be5 Nc4 19. Nxf5 Nxe5 20. Nxe5 Bf6
21. Nf3 Nxc3 22. bxc3 exf5 23. Nd4 g6 24. Rab1 b6 25. c4 Rd8 26. Nb5 Bd7 27.
Nc7 Rac8 28. Nd5 Be5 29. Bb3 Be8 30. Ne7 Rb8 31. g3 Bd6 32. Nd5 Rbc8 33. Rb2
Bc5 34. Re2 a5 35. Nc3 Bc6 36. Rxd8+ Rxd8 37. Na4 Bf3 38. Re6 Rd2 39. Nxc5 bxc5
40. Re3 Bc6 41. Re5 a4 0-1

[Event "Stuttgarter Stadtmeisterschaft A-Turnie"]
[Site "Ditzingen"]
[Date "2009.05.21"]
[Round "1.23"]
[White "Kunz, Konstantin"]
[Black "Ackermann, Hermann"]
[Result "1-0"]
[WhiteElo "2263"]
[BlackElo "1971"]
[PlyCount "54"]
[EventDate "2009.??.??"]

1. d4 Nf6 2. Nf3 d6 3. c4 g6 4. Nc3 Bg7 5. e4 O-O 6. h3 e5 7. d5 Nbd7 8. Be3
Nh5 9. Nd2 a6 10. g3 c6 11. Be2 Nhf6 12. g4 Ne8 13. h4 h6 14. a3 f5 15. gxf5
gxf5 16. exf5 Ndf6 17. Bd3 cxd5 18. cxd5 b5 19. Nf1 e4 20. Be2 Bxf5 21. Ng3 Bh7
22. Qd2 Nc7 23. Rd1 Qd7 24. Bxh6 Qf7 25. Be3 Kh8 26. h5 Ng8 27. Ngxe4 Qf5 1-0

[Event "Stuttgarter Stadtmeisterschaft A-Turnie"]
[Site "Ditzingen"]
[Date "2009.05.21"]
[Round "1.25"]
[White "Dudek, Richard"]
[Black "Grünert, Thomas"]
[Result "1-0"]
[WhiteElo "2254"]
[BlackElo "1970"]
[PlyCount "51"]
[EventDate "2009.??.??"]

1. e4 c5 2. Nc3 e6 3. g3 Nc6 4. Bg2 Nf6 5. d3 Be7 6. f4 d6 7. Nf3 O-O 8. O-O a6
9. h3 Qc7 10. a4 Nd7 11. g4 Nb6 12. Be3 Bd7 13. Bf2 Rad8 14. Qe2 Bc8 15. Bg3
Nd4 16. Qf2 f5 17. Nxd4 cxd4 18. Qxd4 Bf6 19. Qb4 Nd7 20. gxf5 exf5 21. Nd5
Qxc2 22. Qxd6 Bxb2 23. Rf2 Qb3 24. Rb1 Nf6 25. Rfxb2 Qxb2 26. Qxf8+ 1-0

[Event "Stuttgarter Stadtmeisterschaft A-Turnie"]
[Site "Ditzingen"]
[Date "2009.05.21"]
[Round "1.26"]
[White "Frühsorger, Dieter"]
[Black "Aring, Gerd"]
[Result "0-1"]
[WhiteElo "1968"]
[BlackElo "2218"]
[PlyCount "72"]
[EventDate "2009.??.??"]

1. e4 c5 2. d4 cxd4 3. c3 Nf6 4. e5 Nd5 5. cxd4 d6 6. Nf3 Nc6 7. Nc3 dxe5 8.
Nxe5 Nxc3 9. Nxc6 Nxd1 10. Nxd8 Kxd8 11. Kxd1 Be6 12. Be2 Bd5 13. f3 g6 14. Be3
Bg7 15. Kd2 a6 16. Rhc1 e6 17. Bc4 Bc6 18. a4 Ke7 19. a5 Rhd8 20. Kc3 Rac8 21.
Re1 Rd7 22. Rad1 Bd5 23. b3 Rdc7 24. Rc1 Bxc4 25. bxc4 Rxc4+ 26. Kd3 Rxc1 27.
Rxc1 Rxc1 28. Bxc1 Kd6 29. Kc4 Kc6 30. Ba3 Bf6 31. g4 Bd8 32. Bb4 b6 33. axb6
Bxb6 34. f4 Bc7 35. Bd2 f5 36. g5 a5 0-1

[Event "Stuttgarter Stadtmeisterschaft A-Turnie"]
[Site "Ditzingen"]
[Date "2009.05.21"]
[Round "1.27"]
[White "Krockenberger, Martin"]
[Black "Fingerhut, Armin"]
[Result "1-0"]
[WhiteElo "2216"]
[BlackElo "1961"]
[PlyCount "87"]
[EventDate "2009.??.??"]

1. Nf3 c5 2. c4 Nf6 3. Nc3 e6 4. g3 d5 5. cxd5 exd5 6. d4 Nc6 7. Bg2 h6 8. O-O
Be6 9. Be3 Ng4 10. Bf4 Qd7 11. Nb5 Rc8 12. dxc5 Bxc5 13. Rc1 Nb4 14. Nd6+ Bxd6
15. Rxc8+ Qxc8 16. Bxd6 Nc6 17. Nd4 Kd7 18. Ba3 Rd8 19. e4 Nf6 20. exd5 Nxd5
21. Nb5 Nce7 22. Qd2 Qc4 23. Nd6 Qa6 24. Rc1 Rb8 25. Ne4 Ke8 26. Nc5 Qb6 27.
Re1 Rd8 28. Nxe6 fxe6 29. Bh3 Nf6 30. Qe2 Rd4 31. Qc2 Qc6 32. Qxc6+ Nxc6 33.
Bxe6 Kd8 34. Bf8 Ne8 35. h4 Rd2 36. Bf7 Nd6 37. Bh5 Nf5 38. Rd1 Rxd1+ 39. Bxd1
Ke8 40. Ba3 Ncd4 41. b3 Kf7 42. Bb2 g5 43. hxg5 hxg5 44. g4 1-0